Náuka o materiáli

Enregistré dans:
Détails bibliographiques
Auteurs principaux: Skočovský, Petr (Auteur), Borůvka, Otakar (Auteur), Palček, Peter (Auteur)
Format: Livre
Langue:slovaque
Publié: Žilina : Vysoká škola dopravy a spojov, 1996
Édition:2.prepr.
Sujets:
Tags: Ajouter un tag
Pas de tags, Soyez le premier à ajouter un tag!

MARC

LEADER 00000nam a22000003a 4500
001 stu51349
005 20150617225709.0
008 991214s1996----xo------------------slo-d
020 |a 80-7100-303-4 
040 |a STU  |b slo 
041 0 |a slo 
044 |a xo 
080 |a 620.22:669.017 
100 1 |a Skočovský, Petr  |4 aut 
245 1 |a Náuka o materiáli 
250 |a 2.prepr. 
260 |a Žilina :  |b Vysoká škola dopravy a spojov,  |c 1996 
300 |a 201 s 
650 7 |a materiály-náuka  |2 stusub 
700 1 |a Borůvka, Otakar  |4 aut 
700 1 |a Palček, Peter  |4 aut 
996 |b 284M053159  |c M*10255-1  |l MMKN  |s A  |a 24  |w stu51349_0001